O kékařích a nemocnicích /

Main Author: Beck
Language: Czech
Published: V Praze : Antonín Renn, 1900
Physical Description: 15 s. ; 18 cm
Book
Saved in:
LEADER 00573nam a22002052a 4500
001 001791922
003 CZ BrMZK
005 20210527091321.0
007 ta
008 210527s1900 xr er|||||||||||cze d
040 |a BOA001  |b cze  |e aacr2 
100 0 |a Beck  |7 jx20041108008  |4 aut 
245 1 0 |a O kékařích a nemocnicích /  |c Beck 
260 |a V Praze :  |b Antonín Renn,  |c 1900 
300 |a 15 s. ;  |c 18 cm 
501 |a Přívazek k: Škola budoucnosti 
910 |a BOA001  |b 1-0240.547,přív.2 
990 |a BK 
993 |a Y 
994 |a UP  |l MZK01  |b 000354766  |m přívazek 2  |n záznam 1. díla